00478 2200169 4500245005300000020002200053250001100075100001600086650002500102005001900127260003300146041001400179084000800193500007300201490002500274336000900299 aEnsiklopedia Jakarta Volume 6cEni SetiatihText a978-979-3535-55-5 aCet. 1 aEni Setiati aEnsiklopedia Jakarta a20231124094100 aJakartabLENTERA ABADIc2009 aIndonesia a903 aDaftar Isi : Busana Tradisional ; Senjata Tradisional ; Pencak Silat aEnsiklopedia Jakarta atext